đź“–âś’ "La Loreley" Guillaume Apollinaire - Statistiques

Statistiques générales
  • Ce quiz a Ă©tĂ© pris 54 fois
  • Le rĂ©sultat moyen est 199 sur 357
Statistiques - réponses
Mots % Correct
A
100%
Ă 
100%
a
100%
l'
100%
L'
100%
le
100%
Lore
100%
Loreley
100%
Ă”
100%
Ă´
100%
Rhin
100%
d'
93%
D'
93%
la
93%
lĂ 
93%
La
93%
LĂ -
93%
lĂ -
93%
m'
93%
s'
93%
t'
93%
Bacharach
87%
c'
87%
ce
87%
de
87%
De
87%
des
87%
est
87%
il
87%
me
87%
n'
87%
y
87%
amour
80%
au
80%
avait
80%
belle
80%
eau
80%
j'
80%
les
80%
Les
80%
Qu'
80%
qu'
80%
Qui
80%
qui
80%
sa
80%
se
80%
son
80%
un
80%
une
80%
Elle
73%
en
73%
Je
73%
je
73%
moi
73%
Mon
73%
mon
73%
oĂą
73%
sur
73%
tu
73%
Tu
73%
yeux
73%
aux
67%
avec
67%
cœur
67%
et
67%
Et
67%
jour
67%
pour
67%
Pour
67%
que
67%
si
67%
Si
67%
te
67%
tous
67%
beau
60%
beauté
60%
dans
60%
mes
60%
Mes
60%
vous
60%
as
53%
cette
53%
cheveux
53%
donc
53%
du
53%
femme
53%
hommes
53%
ils
53%
mourir
53%
plus
53%
sont
53%
sorcière
53%
Va-
53%
va
53%
alla
47%
avoir
47%
haut
47%
mal
47%
Puis
47%
rocher
47%
ses
47%
Ses
47%
suis
47%
ta
47%
aime
40%
bas
40%
blonde
40%
comme
40%
fait
40%
faut
40%
fois
40%
non
40%
ont
40%
ronde
40%
voir
40%
amant
33%
appelle
33%
autre
33%
bien
33%
ces
33%
ensorcelé
33%
fit
33%
noir
33%
parti
33%
quel
33%
vu
33%
allèrent
27%
blanc
27%
chevaliers
27%
Chevaliers
27%
encore
27%
évêque
27%
Évêque
27%
flammes
27%
fleuve
27%
laissez-
27%
leurs
27%
soleil
27%
tombe
27%
trois
27%
vent
27%
Vierge
27%
vivre
27%
alors
20%
cause
20%
Ceux
20%
couleur
20%
Dieu
20%
Faites-
20%
folie
20%
irai
20%
laissait
20%
lances
20%
lointain
20%
pays
20%
plutĂ´t
20%
Priez
20%
puisque
20%
regardais
20%
rien
20%
route
20%
sorcellerie
20%
tiens-
20%
Tout
20%
vue
20%
condamne
13%
couvent
13%
criaient
13%
démence
13%
depuis
13%
Devant
13%
flambe
13%
Jetez
13%
jetez
13%
lasse
13%
magicien
13%
Menez
13%
mirer
13%
monter
13%
nonne
13%
penche
13%
péri
13%
pierreries
13%
pleins
13%
quatre
13%
riez
13%
seras
13%
venir
13%
vĂŞtue
13%
absolvit
7%
avance
7%
brillaient
7%
château
7%
citer
7%
faudrait
7%
jusqu'
7%
maudits
7%
meure
7%
protège
7%
regardée
7%
tordait
7%
tremblants
7%
tribunal
7%
veuves
7%
vient
7%
vierges
7%
astres
0%
déroulés
0%
devient
0%
doux
0%
implorait
0%
nacelle
0%
tient
0%
Aucun quiz correspondant
Distribution des résultats
% des personnes avec chaque résultat
Percentile par nombre de réponses
Votre historique - résultats
Vous n’avez pas pris ce quiz